| 000 | 01490nam a2200385 c 4500 | ||
|---|---|---|---|
| 003 | BLK | ||
| 005 | 20180420234549.0 | ||
| 008 | 180410b bul|||||r ||||||| ||bul|| | ||
| 010 | _aKNG00167276000 | ||
| 020 |
_a978-954-336-143-4 _bиздат.: Стигмати |
||
| 040 | _aBLK | ||
| 041 |
_aBUL _cBUL |
||
| 072 | 7 |
_2bullib _aН91 _xГеография Н |
|
| 080 |
_aГеография на САЩ _b917.3 _x _z917.3 |
||
| 100 | 1 |
_aФайфър, Барбара _eпърви автор _9133401 |
|
| 700 | 1 |
_aСугарев, Йоан _eпрев. от англ. _9334740 |
|
| 139 |
_aФайфър, Барбара _bФ 17 |
||
| 245 | 1 | 0 |
_aГеография на Съединените щати _bЗа ежедневна употреба _cБарбара Файфър; прев. от англ. Йоан Сугарев. |
| 257 | _aUSA | ||
| 260 |
_аСофия _bСтигмати _c2012 _fДайрект сървисиз |
||
| 300 |
_a168 с. _c22Х23 см |
||
| 380 | _a91 | ||
| 490 | 1 | _aПоредица Зубър | |
| 500 | _aОриг. загл. Everyday Geography of the United States / Barbara Fifer. - Кн. е подв. със спирала. | ||
| 650 | 4 |
_aСАЩ - география _9243997 |
|
| 651 | 4 |
_aСАЩ _9179493 |
|
| 653 | _aСАЩ | ||
| 653 | _aгеография | ||
| 659 | _aН | ||
| 852 | _aЦб 271513 | ||
| 856 | 4 |
_qpdf _u |
|
| 856 | 4 |
_qpdf _u |
|
| 942 |
_cKNG _n0 |
||
| 944 |
_aCR _c14.11.2014 _lф / _kВиолета_Тройчева |
||
| 944 |
_aED _c26.08.2015 _lф / _kПенка_Димитрова |
||
| 999 |
_c160074 _d160074 |
||